|
|
|
|
| LEADER |
01965nam a2200493 a 4500 |
| 001 |
000584615 |
| 003 |
CZ BrMZK |
| 005 |
20120523094828.0 |
| 007 |
ta |
| 008 |
020122s2001 xr f pol d |
| 015 |
|
|
|a cnb001088762
|
| 020 |
|
|
|a 80-238-7590-6
|
| 035 |
|
|
|a (OCoLC)51189491
|
| 040 |
|
|
|a BOA001
|b cze
|
| 041 |
1 |
|
|a pol
|a mul
|
| 043 |
|
|
|a e-pl---
|a e-xr---
|b e-xr-mo
|2 czenas
|
| 080 |
|
|
|a 908(438)
|2 MRF
|
| 080 |
|
|
|a 908(437.326)
|2 MRF
|
| 080 |
|
|
|a 94(438)
|2 MRF
|
| 080 |
|
|
|a 94(437.326)
|2 MRF
|
| 080 |
|
|
|a 77.039
|2 MRF
|
| 080 |
|
|
|a (084.12)
|2 MRF
|
| 245 |
0 |
0 |
|a Cieszyn wczoraj i dziś /
|c Irena Adamczyk ... [et al.]
|
| 246 |
3 |
1 |
|a Český Těšín včera a dnes
|
| 250 |
|
|
|a 1. wyd.
|
| 260 |
|
|
|a V Českém Těšíně :
|b Wart :
|b Muzeum Těšínska,
|c c2001
|
| 300 |
|
|
|a 95 s. :
|b il. ;
|c 25 cm
|
| 500 |
|
|
|a Souběžný český název
|
| 500 |
|
|
|a Souběžný český, německý a anglický text
|
| 500 |
|
|
|a Dostupné též v digitalni podobě v aplikaci Kramerius
|
| 655 |
|
7 |
|a fotografické publikace
|7 fd132276
|2 czenas
|
| 651 |
|
7 |
|a Cieszyn (Polsko)
|7 ge128458
|x historické fotografie
|2 czenas
|
| 651 |
|
7 |
|a Cieszyn (Polsko)
|7 ge128458
|x historické pohlednice
|2 czenas
|
| 651 |
|
7 |
|a Cieszyn (Polsko)
|7 ge128458
|x vlastivěda
|2 czenas
|
| 651 |
|
7 |
|a Český Těšín (Česko)
|7 ge128622
|x historické fotografie
|2 czenas
|
| 651 |
|
7 |
|a Český Těšín (Česko)
|7 ge128622
|x historické pohlednice
|2 czenas
|
| 651 |
|
7 |
|a Český Těšín (Česko)
|7 ge128622
|x vlastivěda
|2 czenas
|
| 700 |
1 |
|
|a Adamczyk, Irena
|4 aut
|
| 856 |
4 |
1 |
|u http://www.digitalniknihovna.cz/mzk/uuid/uuid:1569c82a-149a-4dd6-b33a-b2f34a5623f4
|y Digitalizovaný dokument
|
| 910 |
|
|
|a BOA001
|b 2-1095.361
|
| 990 |
|
|
|a BK
|
| 991 |
|
|
|p NDK 2012/98
|
| 996 |
7 |
|
|b 2610147595
|c 2-1095.361
|l MZK
|r Sklad / do 1 hodiny
|n 8
|p p.v.
|w 000584615
|u 000020
|a 1
|e BOA001
|j MZK50
|s A
|
| 996 |
6 |
|
|b 2610151558
|c 2-1095.361
|l MZK
|r Sklad / do 1 hodiny
|n 3
|p p.v.
|w 000584615
|u 000010
|a 1
|e BOA001
|j MZK50
|s P
|